000 00782nam a2200205Ii 4500
003 JO-AjNU
008 230605s9999||||xx |||||||||||||| ||und||
017 _a2004/17743
040 _aJO-AjNU
_bara
_erda
_cJO-AjNU
041 _aara
050 1 4 _aHG4026.L8722 2007
100 3 _aلطفي، امين السيد احمد,
_eauthor
_932677
245 0 0 _aالتحليل المالي: لاغراض تقييم ومراجعة الاداء والاستثمار في البورصة
264 3 1 _aالاسكندرية: الدار الجامعية، 2007
300 _a720ص
_bيحتوي على ببلوغرافية
336 _atext
_btxt
_2rdacontent
337 _aunmediated
_bn
_2rdamedia
338 _avolume
_bnc
_2rdacarrier
650 4 _aالمحاسبة التحليلية
_932678
999 _aA13220
_c16788
_d16788